Zawodnicy którzy jako jedyni byli bohaterami transferu za +100M euro. - Statystyki

Ogólne statystyki
  • Ten quiz został rozwiązany 205 razy
    103 od ostatniego zresetowania
  • Średni wynik to 11 z 13
Statystyki odpowiedzi
# Piłkarz Narodowość klub oddający kwota transferu klub pozyskujący % Poprawnych
1 Neymar
222,00 mln €
100%
13 Gareth Bale
101,00 mln €
97%
2 Kylian Mbappe
180,00 mln €
94%
9 Cristiano Ronaldo
117,00 mln €
93%
10 Eden Hazard
115,00 mln €
89%
11 Romelu Lukaku
113,00 mln €
87%
3 Ousmane Dembele
140,00 mln €
81%
5 João Félix
127,20 mln €
75%
4 Philippe Coutinho
135,00 mln €
74%
12 Paul Pogba
105,00 mln €
72%
6 Enzo Fernandez
121,00 mln €
69%
7 Antoine Griezmann
120,00 mln €
65%
8 Jack Grealish
117,50 mln €
65%
Nie znaleziono quizów pasujących do podanych kryteriów
Rozkład punktacji
Procent ludzi z każdym wynikiem
Percentyl według liczby udzielonych odpowiedzi
Twoja historia wyników
Nie rozwiązałeś tego quizu od ostatniego zresetowania